[Event "Chennai WinTV op 1st"]
[Site "Chennai"]
[Date "2004.01.29"]
[Round "10"]
[White "Gokhale, Jayant Suresh"]
[Black "Poobesh Anand, Selvaraj"]
[Result "1/2-1/2"]
[WhiteElo "2308"]
[BlackElo "2360"]
[PlyCount "27"]
[EventDate "2004.01.21"]
[EventType "swiss"]
[EventRounds "13"]
[EventCountry "IND"]
[SourceTitle "CBM 098 Extra"]
[Source "ChessBase"]
[SourceDate "2004.03.10"]
[SourceVersion "2"]
[SourceVersionDate "2004.03.10"]
[SourceQuality "1"]

1. Nf3 Nf6 2. g3 d5 3. Bg2 Bf5 4. 0-0 e6 5. d3 Nbd7 6. Nbd2 Be7 7. Qe1 h6 8. e4 dxe4 9. dxe4 Bh7 10. Qe2 0-0 11. Rd1 Qe8 12. b3 e5 13. Bb2 Bc5 14. h3 1/2-1/2

[Event "Chennai WinTV op 1st"]
[Site "Chennai"]
[Date "2004.01.24"]
[Round "5"]
[White "Sundararajan, Kidambi"]
[Black "Gokhale, Jayant Suresh"]
[Result "1-0"]
[WhiteElo "2437"]
[BlackElo "2308"]
[PlyCount "89"]
[EventDate "2004.01.21"]
[EventType "swiss"]
[EventRounds "13"]
[EventCountry "IND"]
[SourceTitle "CBM 098 Extra"]
[Source "ChessBase"]
[SourceDate "2004.03.10"]
[SourceVersion "2"]
[SourceVersionDate "2004.03.10"]
[SourceQuality "1"]

1. Nf3 Nf6 2. c4 c5 3. Nc3 Nc6 4. g3 d5 5. d4 e6 6. cxd5 Nxd5 7. Bg2 Nxc3 8. bxc3 Be7 9. 0-0 0-0 10. Rb1 Qa5 11. Qc2 Rd8 12. Bg5 f6 13. Bd2 Qc7 14. e4 Bd6 15. Be3 cxd4 16. cxd4 Ne5 17. Qb3 Nxf3+ 18. Bxf3 Qf7 19. Rfd1 Bc7 20. Rbc1 Bb6 21. d5 Bxe3 22. Qxe3 e5 23. Rc3 Bh3 24. Rdc1 Rdc8 25. Rxc8+ Rxc8 26. Rxc8+ Bxc8 27. Qxa7 Qc7 28. Kg2 Kf7 29. Qa3 Bd7 30. Qb4 b6 31. Bd1 Qc5 32. Qxc5 bxc5 33. Be2 Ke7 34. Kf3 Kd6 35. Ke3 g6 36. Kd2 f5 37. f3 h5 38. h4 Be8 39. Ke3 Bd7 40. Bd3 Ke7 41. Bc4 Kd6 42. Bb3 fxe4 43. fxe4 Bb5 44. a4 Ba6 45. Kd2 1-0

[Event "Chennai WinTV op 1st"]
[Site "Chennai"]
[Date "2004.01.21"]
[Round "1"]
[White "Pradeep, Kumar RA"]
[Black "Gokhale, Jayant Suresh"]
[Result "0-1"]
[WhiteElo "1955"]
[BlackElo "2308"]
[PlyCount "90"]
[EventDate "2004.01.21"]
[EventType "swiss"]
[EventRounds "13"]
[EventCountry "IND"]
[SourceTitle "CBM 098 Extra"]
[Source "ChessBase"]
[SourceDate "2004.03.10"]
[SourceVersion "2"]
[SourceVersionDate "2004.03.10"]
[SourceQuality "1"]

1. Nf3 Nf6 2. c4 e6 3. d4 Bb4+ 4. Bd2 Qe7 5. e3 0-0 6. Bxb4 Qxb4+ 7. Qd2 Qe7 8. Bd3 d6 9. 0-0 e5 10. Bc2 b6 11. Nc3 Bb7 12. d5 Nbd7 13. e4 a5 14. Ne2 Nh5 15. Qg5 Qxg5 16. Nxg5 Nc5 17. b3 Bc8 18. h3 f5 19. exf5 Bxf5 20. Bxf5 Rxf5 21. h4 h6 22. g4 Nf4 23. Ng3 Rff8 24. N3e4 Nxe4 25. Nxe4 Ng6 26. h5 Nh4 27. Nd2 Rf4 28. f3 Raf8 29. Rac1 Nxf3+ 30. Nxf3 Rxf3 31. Rxf3 Rxf3 32. Kg2 Rf4 33. Kg3 Kf7 34. Rc2 Kf6 35. Kh3 Kg5 36. Rg2 Rf3+ 37. Kh2 Kh4 38. Re2 Rh3+ 39. Kg2 Rg3+ 40. Kh2 Rxg4 41. Rf2 Rf4 42. Rg2 Rf7 43. a3 Kxh5 44. b4 axb4 45. axb4 g5 0-1

[Event "Dubai op 04th"]
[Site "Dubai"]
[Date "2002.04.24"]
[Round "8"]
[White "Gokhale, Jayant Suresh"]
[Black "Coleman, James"]
[Result "1/2-1/2"]
[WhiteElo "2355"]
[BlackElo "2137"]
[PlyCount "70"]
[EventDate "2002.04.15"]
[EventType "swiss"]
[EventRounds "9"]
[EventCountry "UAE"]
[SourceTitle "CBM 087 Extra"]
[Source "ChessBase"]
[SourceDate "2002.05.03"]
[SourceVersion "2"]
[SourceVersionDate "2002.08.09"]
[SourceQuality "1"]

1. d4 d5 2. c4 c6 3. Nf3 Nf6 4. Nc3 dxc4 5. a4 Bf5 6. e3 e6 7. Bxc4 Bb4 8. 0-0 0-0 9. Qe2 Bg6 10. Ne5 Nbd7 11. Nxg6 hxg6 12. Rd1 Qa5 13. Bd2 e5 14. d5 Rad8 15. dxc6 bxc6 16. Be1 e4 17. Rd4 Ne5 18. Rad1 Rxd4 19. Rxd4 Rd8 20. Qd1 Rxd4 21. Qxd4 Nxc4 22. Qxc4 Bxc3 23. Bxc3 Qd5 24. Qxd5 Nxd5 25. Bd4 a6 26. Bc5 f6 27. Kf1 Kf7 28. Ke2 Ke6 29. Kd2 Nc7 30. Bf8 Kf7 31. Bd6 Nd5 32. Kc2 Ke6 33. Bf8 Nb6 34. Kb3 Nd7 35. Ba3 c5 1/2-1/2

[Event "Dubai op 04th"]
[Site "Dubai"]
[Date "2002.04.19"]
[Round "5"]
[White "Abbasifar, Hasan"]
[Black "Gokhale, Jayant Suresh"]
[Result "1-0"]
[WhiteElo "2272"]
[BlackElo "2355"]
[PlyCount "99"]
[EventDate "2002.04.15"]
[EventType "swiss"]
[EventRounds "9"]
[EventCountry "UAE"]
[SourceTitle "CBM 087 Extra"]
[Source "ChessBase"]
[SourceDate "2002.05.03"]
[SourceVersion "2"]
[SourceVersionDate "2002.08.09"]
[SourceQuality "1"]

1. d4 Nf6 2. Nc3 c5 3. d5 d6 4. e4 g6 5. Be3 Bg7 6. f3 0-0 7. Qd2 a6 8. a4 Nbd7 9. Nh3 Rb8 10. Nf2 Ne5 11. Be2 Bd7 12. a5 b5 13. axb6 Qxb6 14. Rxa6 Qxb2 15. 0-0 Qb7 16. h3 Bc8 17. Rfa1 Ned7 18. Nfd1 Ne8 19. R1a3 Nc7 20. R6a4 Ra8 21. Rb3 Nb6 22. Rxa8 Ncxa8 23. Nb5 Bd7 24. Qa5 Rb8 25. Nb2 h5 26. Bf2 Kh7 27. Na7 Bxb2 28. Rxb2 Nc7 29. Bh4 f6 30. Be1 Ra8 31. Qxb6 Qxb6 32. Rxb6 Rxa7 33. Kf2 Kg7 34. h4 Kf7 35. Bd2 Be8 36. Be3 Ra2 37. Ke1 Ra3 38. Bc1 Ra1 39. Kd2 Ra5 40. Bb2 Nb5 41. Rb8 Na3 42. c4 Ra4 43. Kc3 Nb1+ 44. Kc2 Na3+ 45. Kb3 Nb1 46. Bc1 Ra7 47. Bd3 Ba4+ 48. Kb2 Na3 49. Kc3 Bd1 50. Kd2 1-0

[Event "Dubai op 04th"]
[Site "Dubai"]
[Date "2002.04.18"]
[Round "4"]
[White "Gokhale, Jayant Suresh"]
[Black "Al Qudaimi, Basheer"]
[Result "1/2-1/2"]
[WhiteElo "2355"]
[BlackElo "2237"]
[PlyCount "148"]
[EventDate "2002.04.15"]
[EventType "swiss"]
[EventRounds "9"]
[EventCountry "UAE"]
[SourceTitle "CBM 087 Extra"]
[Source "ChessBase"]
[SourceDate "2002.05.03"]
[SourceVersion "2"]
[SourceVersionDate "2002.08.09"]
[SourceQuality "1"]

1. Nf3 Nf6 2. c4 e6 3. g3 d5 4. Bg2 Be7 5. 0-0 0-0 6. d4 b6 7. Nc3 Bb7 8. Ne5 Nbd7 9. Qa4 c6 10. Nxc6 Bxc6 11. Qxc6 Rc8 12. Qb7 Rc7 13. Qa6 Nb8 14. Qa4 Rxc4 15. Qxa7 Nc6 16. Qa6 Nxd4 17. e4 Nc2 18. Rb1 Rc8 19. exd5 Nb4 20. Qe2 Nbxd5 21. Nxd5 Nxd5 22. Rd1 Qd7 23. Be3 Bc5 24. Bxc5 Rxc5 25. Rd2 Qc7 26. Bxd5 Rxd5 27. Rxd5 exd5 28. Rd1 Rd8 29. Rd4 h6 30. h4 Qc6 31. Qd2 Qe6 32. a4 Qf5 33. Kg2 Rd6 34. Qd3 Qxd3 35. Rxd3 Kf8 36. Kf3 Ke7 37. Ke3 Re6+ 38. Kd4 Kd6 39. Re3 Rf6 40. f3 Rg6 41. f4 Rg4 42. Rb3 Kc6 43. Ke5 f6+ 44. Kf5 h5 45. Ke6 d4 46. Rd3 Kc5 47. Kf5 Kc4 48. Rf3 d3 49. Ke4 d2 50. Rc3+ Kb4 51. Rd3 Rxg3 52. Rxd2 Kxa4 53. Rd4+ Ka5 54. Rd5+ b5 55. Rxh5 Ka4 56. Rd5 Rh3 57. h5 b4 58. Rd7 Rxh5 59. Rxg7 Kb3 60. Rb7 Rc5 61. Rb6 f5+ 62. Kd4 Ra5 63. Rb8 Ra7 64. Ke5 Rf7 65. Ke6 Rc7 66. Kxf5 Rc2 67. Ke6 Rxb2 68. f5 Re2+ 69. Kd5 Rf2 70. Ke6 Kc3 71. f6 b3 72. f7 b2 73. Ke7 Re2+ 74. Kd6 Rd2+ 1/2-1/2

[Event "Dubai op 04th"]
[Site "Dubai"]
[Date "2002.04.17"]
[Round "3"]
[White "Kainz, Josef"]
[Black "Gokhale, Jayant Suresh"]
[Result "0-1"]
[WhiteElo "2068"]
[BlackElo "2355"]
[PlyCount "74"]
[EventDate "2002.04.15"]
[EventType "swiss"]
[EventRounds "9"]
[EventCountry "UAE"]
[SourceTitle "CBM 087 Extra"]
[Source "ChessBase"]
[SourceDate "2002.05.03"]
[SourceVersion "2"]
[SourceVersionDate "2002.08.09"]
[SourceQuality "1"]

1. d4 Nf6 2. Bg5 Ne4 3. Bf4 c5 4. d5 Qb6 5. Bc1 d6 6. f3 Nf6 7. e4 g6 8. c4 Bg7 9. Nc3 0-0 10. g4 e6 11. a4 exd5 12. a5 Qd8 13. cxd5 Na6 14. Bxa6 bxa6 15. Nge2 Re8 16. h3 Rb8 17. Qc2 Nd7 18. Kf2 c4 19. Be3 Ne5 20. Ra2 Nd3+ 21. Kg3 Nb4 22. Qb1 Nxa2 23. Qxa2 Qc7 24. Rc1 Bd7 25. Nd4 Rec8 26. Rc2 Rb4 27. Nc6 Bxc6 28. dxc6 Bxc3 29. Rxc3 d5+ 30. Bf4 Qxc6 31. exd5 Qxd5 32. Re3 Rb3 33. Qa1 Rxe3 34. Bxe3 Re8 35. Qc1 Qe5+ 36. Bf4 Qxa5 37. Qd1 Qe1+ 0-1

[Event "Dubai op 04th"]
[Site "Dubai"]
[Date "2002.04.15"]
[Round "1"]
[White "Motylev, Alexander"]
[Black "Gokhale, Jayant Suresh"]
[Result "1-0"]
[WhiteElo "2622"]
[BlackElo "2355"]
[PlyCount "63"]
[EventDate "2002.04.15"]
[EventType "swiss"]
[EventRounds "9"]
[EventCountry "UAE"]
[SourceTitle "CBM 087 Extra"]
[Source "ChessBase"]
[SourceDate "2002.05.03"]
[SourceVersion "2"]
[SourceVersionDate "2002.08.09"]
[SourceQuality "1"]

1. e4 c5 2. Nf3 e6 3. d4 cxd4 4. Nxd4 a6 5. Bd3 g6 6. c4 Bg7 7. Ne2 Nf6 8. Nbc3 d6 9. 0-0 0-0 10. Bg5 Re8 11. Qd2 Bf8 12. Rad1 Nbd7 13. Bc2 Qc7 14. Ba4 Ng4 15. b3 Nge5 16. f4 Nc6 17. f5 Rb8 18. fxe6 fxe6 19. Nf4 Qa5 20. Bxc6 bxc6 21. Nd3 Bg7 22. b4 Rxb4 23. Nxb4 Qxb4 24. Nb1 Qxc4 25. Qxd6 Qxe4 26. Nd2 Qd5 27. Nf3 Qb5 28. Qc7 c5 29. Rb1 Qa4 30. Bd8 h6 31. Rfd1 Qxa2 32. Qxc8 1-0

[Event "Chhattisgarh Trophy"]
[Site "Raipur"]
[Date "2002.??.??"]
[Round "5"]
[White "Gokhale, Jayant Suresh"]
[Black "Nadig, Kruttika"]
[Result "1/2-1/2"]
[WhiteElo "2373"]
[BlackElo "2113"]
[PlyCount "51"]
[EventDate "2002.03.02"]
[EventType "swiss"]
[EventRounds "11"]
[EventCountry "IND"]
[SourceTitle "CBM 087 Extra"]
[Source "ChessBase"]
[SourceDate "2002.05.03"]
[SourceVersion "2"]
[SourceVersionDate "2002.08.09"]
[SourceQuality "1"]

1. Nf3 d5 2. g3 c5 3. Bg2 Nc6 4. 0-0 e6 5. d3 Nf6 6. Nbd2 b6 7. e4 Bb7 8. Re1 Be7 9. Qe2 Qc7 10. Nf1 h6 11. Bf4 Qd7 12. e5 Nh7 13. Bc1 g5 14. h3 0-0-0 15. c3 Rdg8 16. a3 Nf8 17. b4 h5 18. Rb1 g4 19. hxg4 Rxg4 20. b5 Nb8 21. N3h2 Rg7 22. d4 Qc7 23. a4 Nbd7 24. Be3 Ng6 25. Bd2 Kb8 26. Rbc1 1/2-1/2

[Event "Chhattisgarh Trophy"]
[Site "Raipur"]
[Date "2002.??.??"]
[Round "7"]
[White "Gokhale, Jayant Suresh"]
[Black "Sengupta, Deep"]
[Result "1/2-1/2"]
[WhiteElo "2373"]
[BlackElo "2292"]
[PlyCount "34"]
[EventDate "2002.03.02"]
[EventType "swiss"]
[EventRounds "11"]
[EventCountry "IND"]
[SourceTitle "CBM 087 Extra"]
[Source "ChessBase"]
[SourceDate "2002.05.03"]
[SourceVersion "2"]
[SourceVersionDate "2002.08.09"]
[SourceQuality "1"]

1. d4 e6 2. c4 Nf6 3. Nf3 b6 4. g3 Bb7 5. Bg2 c5 6. 0-0 cxd4 7. Qxd4 Bc5 8. Qd2 d5 9. cxd5 Nxd5 10. a3 Nd7 11. Nc3 Rc8 12. Nxd5 Bxd5 13. b4 Be7 14. Bb2 Bf6 15. Rac1 0-0 16. Rfe1 Bxb2 17. Qxb2 Nf6 1/2-1/2

[Event "Chhattisgarh Trophy"]
[Site "Raipur"]
[Date "2002.??.??"]
[Round "4"]
[White "Karavade, Eesha"]
[Black "Gokhale, Jayant Suresh"]
[Result "1-0"]
[WhiteElo "2160"]
[BlackElo "2373"]
[PlyCount "105"]
[EventDate "2002.03.02"]
[EventType "swiss"]
[EventRounds "11"]
[EventCountry "IND"]
[SourceTitle "CBM 087 Extra"]
[Source "ChessBase"]
[SourceDate "2002.05.03"]
[SourceVersion "2"]
[SourceVersionDate "2002.08.09"]
[SourceQuality "1"]

1. e4 d6 2. d4 g6 3. g3 Bg7 4. Bg2 Nf6 5. Nc3 0-0 6. Nge2 Nbd7 7. h3 e5 8. 0-0 c6 9. Be3 Qc7 10. Qd2 Re8 11. Rae1 b5 12. a3 a5 13. d5 b4 14. Nb1 cxd5 15. exd5 Rb8 16. axb4 axb4 17. Rc1 Nc5 18. Qd1 Ba6 19. Re1 Bc4 20. b3 Bb5 21. Nd2 Ra8 22. g4 h6 23. Ng3 Ra2 24. Nde4 Nfxe4 25. Nxe4 Nxe4 26. Bxe4 Rf8 27. Bd3 Qb7 28. Qd2 Bxd3 29. Qxd3 Rc8 30. Qe4 Ra5 31. Red1 Rf8 32. Qc4 Rc8 33. Qe4 Rf8 34. Qc4 Rc8 35. Qe4 Bf8 36. Ra1 Ra3 37. Bd2 Rb8 38. Kg2 Bg7 39. Kg1 Kh8 40. Rac1 Ra5 41. Be3 Qc8 42. Ra1 Ra3 43. Rac1 Ra2 44. Bd2 f5 45. gxf5 gxf5 46. Qh4 Kh7 47. Bxb4 Rxc2 48. Ra1 Qe8 49. Ra7 Kh8 50. Kh1 Qf8 51. Rg1 Bf6 52. Qh5 Be7 53. Rxe7 1-0

[Event "Chhattisgarh Trophy"]
[Site "Raipur"]
[Date "2002.??.??"]
[Round "8"]
[White "Yogesh, Gore"]
[Black "Gokhale, Jayant Suresh"]
[Result "1/2-1/2"]
[WhiteElo "2333"]
[BlackElo "2373"]
[PlyCount "82"]
[EventDate "2002.03.02"]
[EventType "swiss"]
[EventRounds "11"]
[EventCountry "IND"]
[SourceTitle "CBM 087 Extra"]
[Source "ChessBase"]
[SourceDate "2002.05.03"]
[SourceVersion "2"]
[SourceVersionDate "2002.08.09"]
[SourceQuality "1"]

1. d4 Nf6 2. c4 c5 3. d5 b5 4. cxb5 a6 5. bxa6 d6 6. Nc3 Bxa6 7. Nf3 g6 8. g3 Bg7 9. Bg2 0-0 10. 0-0 Nbd7 11. h3 Qb6 12. Re1 Rfb8 13. e4 Ne8 14. h4 Ne5 15. Nxe5 Bxe5 16. h5 Nf6 17. hxg6 hxg6 18. Bh3 Qb4 19. Qd2 Bc8 20. Bxc8 Rxc8 21. Kg2 Nd7 22. f4 Bg7 23. Qe2 Rcb8 24. Nd1 Qa4 25. Nf2 Qa6 26. Qg4 Nf6 27. Qf3 Qc4 28. b3 Qb5 29. e5 Nd7 30. Ng4 c4 31. bxc4 Qxc4 32. Be3 dxe5 33. Bf2 Rxa2 34. Rxa2 Qxa2 35. fxe5 Rb3 36. Qf4 Rd3 37. d6 Qd5+ 38. Kg1 exd6 39. exd6 Qxd6 40. Re8+ Nf8 41. Qxd6 Rxd6 1/2-1/2

[Event "Goodricke op 12th"]
[Site "Kolkata"]
[Date "2001.02.11"]
[Round "6"]
[White "Vijayalakshmi, Subbaraman"]
[Black "Gokhale, Jayant Suresh"]
[Result "1-0"]
[WhiteElo "2416"]
[BlackElo "2322"]
[PlyCount "103"]
[EventDate "2001.02.06"]
[EventType "swiss"]
[EventRounds "11"]
[EventCountry "IND"]
[SourceTitle "CBM 082"]
[Source "ChessBase"]
[SourceDate "2001.05.17"]
[SourceVersion "1"]
[SourceVersionDate "2001.05.17"]
[SourceQuality "1"]

1. c4 Nf6 2. Nc3 c5 3. g3 g6 4. Bg2 Bg7 5. e3 0-0 6. Nge2 Nc6 7. 0-0 d6 8. d4 a6 9. b3 Bd7 10. Bb2 Rb8 11. Nd5 cxd4 12. Nxf6+ Bxf6 13. Nxd4 Nxd4 14. Bxd4 Bxd4 15. exd4 Bc6 16. Bxc6 bxc6 17. d5 c5 18. f4 a5 19. a4 Rb4 20. Rc1 Rb7 21. Rc3 Qb6 22. f5 Qb4 23. Qc2 Qa3 24. fxg6 hxg6 25. Rcf3 Kg7 26. g4 f6 27. g5 Rf7 28. Kh1 Rb8 29. Rg1 f5 30. Qc3+ Kg8 31. Rh3 Rg7 32. Qxa5 Qb2 33. Qe1 Qe5 34. Re3 Qf4 35. Rh3 Qe5 36. Qh4 Rf8 37. Re1 Qb2 38. Qf4 Rff7 39. Qc1 Qa2 40. Rg1 Qe2 41. Qe1 Qb2 42. Qe6 Qa2 43. Re1 Qd2 44. Qe3 Qb2 45. Qe2 Qa3 46. Qe3 Qa2 47. Rh6 Qb2 48. Qh3 Rf8 49. Rh8+ Kf7 50. Rxf8+ Kxf8 51. Qh8+ Kf7 52. Qd8 1-0

[Event "Goodricke op 11th"]
[Site "Kolkata"]
[Date "2000.02.11"]
[Round "6"]
[White "Ravi, Thandalam Shanmugam"]
[Black "Gokhale, Jayant Suresh"]
[Result "1-0"]
[WhiteElo "2373"]
[BlackElo "2305"]
[PlyCount "117"]
[EventDate "2000.02.05"]
[EventType "swiss"]
[EventRounds "11"]
[EventCountry "IND"]
[SourceTitle "CBM 074 Extra"]
[Source "ChessBase"]
[SourceDate "2000.03.10"]
[SourceVersion "2"]
[SourceVersionDate "2000.03.10"]
[SourceQuality "1"]

1. e4 c5 2. c3 e6 3. d4 d5 4. exd5 exd5 5. Nf3 Nc6 6. Bb5 Bd6 7. dxc5 Bxc5 8. 0-0 Nge7 9. Nbd2 0-0 10. Nb3 Bd6 11. Bd3 Bf5 12. Bg5 Qd7 13. Bxe7 Bxe7 14. Bxf5 Qxf5 15. Nbd4 Qd7 16. Qd3 Bf6 17. Nc2 Rfd8 18. Rad1 Rac8 19. Rd2 b5 20. Rfd1 Ne7 21. Ne3 a6 22. h3 Qc6 23. Nd4 Bxd4 24. Qxd4 Rd7 25. Qg4 Rcd8 26. Rd4 Qb7 27. Qh5 Rd6 28. Rf4 Ng6 29. Rfd4 Ne7 30. Rg4 Qd7 31. Qe5 Ng6 32. Qd4 f6 33. Qc5 Nf8 34. Qb4 Ng6 35. Rgd4 Ne7 36. Qb3 Qc6 37. a4 bxa4 38. Rxa4 Kh8 39. Rad4 h6 40. Qa2 Qb6 41. Qa3 Qc6 42. c4 R6d7 43. cxd5 Nxd5 44. Nxd5 Rxd5 45. Rxd5 Rxd5 46. Rxd5 Qxd5 47. Qxa6 Qd1+ 48. Kh2 Qd4 49. Qc8+ Kh7 50. Qc2+ g6 51. g3 h5 52. Qc7+ Kg8 53. Qb8+ Kg7 54. Qb7+ Kh6 55. Kg2 f5 56. h4 f4 57. Qb3 Qf6 58. Qc3 Qd8 59. Qc1 1-0

[Event "Goodricke op 11th"]
[Site "Kolkata"]
[Date "2000.02.07"]
[Round "2"]
[White "Harikrishna, Pentala"]
[Black "Gokhale, Jayant Suresh"]
[Result "0-1"]
[WhiteElo "2354"]
[BlackElo "2305"]
[PlyCount "122"]
[EventDate "2000.02.05"]
[EventType "swiss"]
[EventRounds "11"]
[EventCountry "IND"]
[SourceTitle "CBM 074 Extra"]
[Source "ChessBase"]
[SourceDate "2000.03.10"]
[SourceVersion "2"]
[SourceVersionDate "2000.03.10"]
[SourceQuality "1"]

1. c4 Nf6 2. Nc3 g6 3. g3 Bg7 4. Bg2 0-0 5. e4 c5 6. Nge2 Nc6 7. 0-0 d6 8. Rb1 e5 9. d3 Be6 10. a3 Qd7 11. b4 Bh3 12. Nd5 Bxg2 13. Kxg2 Rae8 14. h3 Nd4 15. Nxf6+ Bxf6 16. Nxd4 cxd4 17. f4 exf4 18. Bxf4 Bg7 19. c5 Be5 20. Qb3 Qe6 21. Qd5 Rc8 22. Qxe6 fxe6 23. Bxe5 dxe5 24. Rfc1 Rf7 25. Rc2 Rfc7 26. Rbc1 Kf8 27. Rc4 Ke8 28. b5 a6 29. a4 axb5 30. axb5 Ra8 31. R1c2 Ra3 32. c6 b6 33. Rb2 Ke7 34. Rcb4 Rxd3 35. Ra4 Kd6 36. Ra8 Rc3 37. Rd8+ Kc5 38. Rd7 Rc8 39. c7 Kc4 40. Rd6 Rxc7 41. Rxb6 Kd3 42. Rxe6 Ke3 43. Rf6 Rc2+ 44. Rf2 Rxf2+ 45. Rxf2 Rb7 46. Rb2 Kxe4 47. Kf2 Rb6 48. Ke2 Kd5 49. Rb1 h5 50. g4 hxg4 51. hxg4 g5 52. Kd2 e4 53. Rb2 Rh6 54. Rb4 Kc5 55. Ra4 Rb6 56. Ra8 Rxb5 57. Rg8 Rb2+ 58. Kc1 Rg2 59. Rxg5+ Kc4 60. Ra5 e3 61. g5 Rg1+ 0-1

[Event "Commonwealth-ch"]
[Site "Sangli"]
[Date "2000.??.??"]
[Round "7"]
[White "Gallagher, Joseph G"]
[Black "Gokhale, Jayant Suresh"]
[Result "1-0"]
[WhiteElo "2558"]
[BlackElo "2305"]
[PlyCount "80"]
[EventDate "2000.??.??"]
[EventType "swiss"]
[EventRounds "11"]
[EventCountry "IND"]
[SourceTitle "EXT 2001"]
[Source "ChessBase"]
[SourceDate "2000.11.22"]
[SourceVersion "1"]
[SourceVersionDate "2000.11.22"]
[SourceQuality "1"]

1. e4 c5 2. Nf3 e6 3. d4 cxd4 4. Nxd4 a6 5. Bd3 g6 6. c4 Bg7 7. Nb3 d6 8. Nc3 Nf6 9. 0-0 0-0 10. Be2 Qe7 11. Bf4 Rd8 12. Qd2 Nc6 13. Rfd1 Ne8 14. Be3 Nf6 15. Bb6 Rd7 16. Qe3 h5 17. a3 Ng4 18. Qg3 f5 19. h3 h4 20. Qd3 Nf6 21. Qe3 Ne8 22. c5 dxc5 23. Bxc5 Qf7 24. exf5 gxf5 25. Qg5 Qf6 26. Qh5 Rf7 27. Be3 b6 28. Bg5 Qe5 29. Bf3 Qc7 30. Qxh4 Bb7 31. Bh5 Rf8 32. Qc4 Qc8 33. f4 Kh8 34. Qe2 Bf6 35. h4 Ng7 36. Bf3 Qc7 37. h5 Bxg5 38. fxg5 e5 39. Nd5 Qb8 40. h6 Ne6 1-0

[Event "Commonwealth-ch"]
[Site "Sangli"]
[Date "2000.??.??"]
[Round "11"]
[White "Koneru, Humpy"]
[Black "Gokhale, Jayant Suresh"]
[Result "1/2-1/2"]
[WhiteElo "2244"]
[BlackElo "2305"]
[PlyCount "113"]
[EventDate "2000.??.??"]
[EventType "swiss"]
[EventRounds "11"]
[EventCountry "IND"]
[SourceTitle "EXT 2001"]
[Source "ChessBase"]
[SourceDate "2000.11.22"]
[SourceVersion "1"]
[SourceVersionDate "2000.11.22"]
[SourceQuality "1"]

1. d4 Nf6 2. Nf3 c5 3. d5 g6 4. Nc3 Bg7 5. e4 d6 6. Be2 0-0 7. 0-0 Na6 8. h3 Nc7 9. a4 a6 10. Nd2 Rb8 11. a5 Bd7 12. Bc4 Nb5 13. Ne2 Ra8 14. Ng3 b6 15. Nb3 bxa5 16. Rxa5 Nd4 17. Rxa6 Rxa6 18. Bxa6 Nxb3 19. cxb3 Qb6 20. Bc4 Bb5 21. Qc2 Rb8 22. Re1 Nd7 23. Re2 Bxc4 24. bxc4 Qb3 25. Nf1 Ne5 26. Ne3 Nd3 27. Rd2 Nxc1 28. Qxc1 Bxb2 29. Qb1 Bc3 30. Qxb3 Rxb3 31. Rd3 Rb1+ 32. Rd1 Rb2 33. Rc1 Bd4 34. Nc2 Be5 35. g3 Rb3 36. Ne1 h5 37. h4 Kg7 38. Kf1 Bc3 39. Nc2 Kf6 40. Ke2 Ke5 41. f3 f5 42. exf5 gxf5 43. Rg1 Bd4 44. Re1 Kf6 45. Nxd4 cxd4 46. Kf2 Rc3 47. Re6+ Kf7 48. Rh6 Rc2+ 49. Ke1 Rxc4 50. Rxh5 Kg6 51. Rg5+ Kf6 52. g4 fxg4 53. fxg4 Rc2 54. Rf5+ Kg7 55. Rg5+ Kf6 56. Rf5+ Kg7 57. Rg5+ 1/2-1/2

[Event "Commonwealth-ch"]
[Site "Sangli"]
[Date "2000.??.??"]
[Round "5"]
[White "Rahman, Ziaur"]
[Black "Gokhale, Jayant Suresh"]
[Result "1-0"]
[WhiteElo "2465"]
[BlackElo "2305"]
[PlyCount "75"]
[EventDate "2000.??.??"]
[EventType "swiss"]
[EventRounds "11"]
[EventCountry "IND"]
[SourceTitle "EXT 2001"]
[Source "ChessBase"]
[SourceDate "2000.11.22"]
[SourceVersion "1"]
[SourceVersionDate "2000.11.22"]
[SourceQuality "1"]

1. c4 c5 2. Nf3 Nc6 3. d4 cxd4 4. Nxd4 Qc7 5. Nc3 e6 6. g3 a6 7. Bg2 Nf6 8. 0-0 Be7 9. Be3 Ne5 10. Bf4 d6 11. b3 0-0 12. Rc1 Bd7 13. Bd2 Rfe8 14. Kh1 Qb6 15. Be1 Nc6 16. Nc2 Rab8 17. e4 Qa7 18. a4 b6 19. f4 Rbd8 20. Bf2 Qb8 21. g4 Bc8 22. g5 Nd7 23. Be3 Bf8 24. Rb1 Bb7 25. Qg4 Rc8 26. Qh4 g6 27. Bd2 Ne7 28. Ne3 Qa8 29. Ng4 Rc5 30. Nh6+ Bxh6 31. Qxh6 Nf5 32. Qh3 Ng7 33. Rbd1 f5 34. Be3 fxe4 35. Rxd6 Rc7 36. Rfd1 Bc6 37. Rxc6 Rxc6 38. Rxd7 1-0

[Event "Commonwealth-ch"]
[Site "India"]
[Date "1999.??.??"]
[Round "?"]
[White "Gokhale, Jayant Suresh"]
[Black "Shah, Arpi"]
[Result "1-0"]
[WhiteElo "2369"]
[BlackElo "2048"]
[PlyCount "67"]
[EventDate "1999.??.??"]
[EventType "swiss"]
[EventRounds "10"]
[EventCountry "IND"]
[SourceTitle "EXT 2002"]
[Source "ChessBase"]
[SourceDate "2001.11.25"]
[SourceVersion "1"]
[SourceVersionDate "2001.11.25"]
[SourceQuality "1"]

1. d4 d5 2. c4 c6 3. Nf3 Nf6 4. e3 Bf5 5. Nc3 e6 6. Bd3 Nbd7 7. 0-0 dxc4 8. Bxc4 Be7 9. a4 a5 10. Qe2 0-0 11. Nh4 Bg4 12. f3 Nd5 13. fxg4 Bxh4 14. e4 Nb4 15. Be3 Bg5 16. Bf2 Qe7 17. g3 g6 18. Rad1 Rac8 19. Rfe1 Bh6 20. h4 Bg7 21. g5 c5 22. d5 Ne5 23. Kg2 Nxc4 24. Qxc4 Nc2 25. Rf1 Bd4 26. Nb5 Nb4 27. d6 Qd7 28. Nxd4 cxd4 29. Qxd4 Qxa4 30. Rc1 Qd7 31. Qf6 Nc6 32. Rxc6 Qxc6 33. Bd4 Qxe4+ 34. Kh3 1-0

[Event "Commonwealth-ch"]
[Site "India"]
[Date "1999.??.??"]
[Round "?"]
[White "Harikrishna, Pentala"]
[Black "Gokhale, Jayant Suresh"]
[Result "1-0"]
[WhiteElo "2225"]
[BlackElo "2369"]
[PlyCount "51"]
[EventDate "1999.??.??"]
[EventType "swiss"]
[EventRounds "10"]
[EventCountry "IND"]
[SourceTitle "EXT 2002"]
[Source "ChessBase"]
[SourceDate "2001.11.25"]
[SourceVersion "1"]
[SourceVersionDate "2001.11.25"]
[SourceQuality "1"]

1. c4 e6 2. Nc3 d5 3. cxd5 exd5 4. d4 c5 5. Nf3 Nc6 6. e3 Nf6 7. Be2 Be7 8. 0-0 0-0 9. b3 b6 10. Bb2 Bb7 11. Rc1 Rc8 12. dxc5 Bxc5 13. Nb5 Re8 14. Nbd4 Ne7 15. a3 a6 16. Bd3 Ne4 17. b4 Bd6 18. Qb3 Bb8 19. Ne2 Ng6 20. Rcd1 Nh4 21. Nxh4 Qxh4 22. Ng3 Rcd8 23. Bxg7 f6 24. Bxe4 Rxe4 25. Bxf6 Qxf6 26. Nxe4 1-0

[Event "Commonwealth-ch"]
[Site "India"]
[Date "1999.??.??"]
[Round "?"]
[White "Miles, Anthony John"]
[Black "Gokhale, Jayant Suresh"]
[Result "1-0"]
[WhiteElo "2609"]
[BlackElo "2369"]
[PlyCount "59"]
[EventDate "1999.??.??"]
[EventType "swiss"]
[EventRounds "10"]
[EventCountry "IND"]
[SourceTitle "EXT 2002"]
[Source "ChessBase"]
[SourceDate "2001.11.25"]
[SourceVersion "1"]
[SourceVersionDate "2001.11.25"]
[SourceQuality "1"]

1. Nf3 c5 2. g3 d5 3. Bg2 Nf6 4. 0-0 Nc6 5. d4 e6 6. c4 Be7 7. cxd5 exd5 8. Nc3 0-0 9. Bg5 c4 10. Ne5 Be6 11. b3 Rc8 12. bxc4 dxc4 13. Nxc6 bxc6 14. Qd2 Re8 15. Rfd1 Bf5 16. h3 Bg6 17. Bxf6 Bxf6 18. Rac1 Bg5 19. e3 Qd6 20. Na4 Qa3 21. Nb2 Bd3 22. Nxd3 cxd3 23. Rc3 Qa4 24. Qxd3 Qxa2 25. Bxc6 Red8 26. Rdc1 g6 27. Qe4 Rb8 28. Rc5 Qd2 29. Bd5 Bf6 30. Bxf7+ 1-0